000 00559cam a2200181 4500
001 D15054
008 090401t1984 xxu||||| |||| 00| 0 eng d
035 _a(Sirsi) u19930
041 _aeng
050 _a333.0023
110 _aRoyal Institution of Chartered Surveyors
_94900
245 _aAnnual conference 1984: profit through efficiency 4 - 7 October Viking Hotel, York
260 _aLondon
_bSurveyors` Technical Services
_c1984
350 _a0
520 _a9 papers in 8 pamphlets; Filed in box RICS 1984/45 ABC
942 _n0
948 _c04/03/1997
999 _c87732
_d87732